[Event "Sparkassen-Open A"]
[Site "Heusenstamm, Martinsee"]
[Date "2019.11.24"]
[Round "6.21"]
[White "Stork, Oliver"]
[Black "Boder, Jan"]
[Result "1-0"]
[WhiteElo "2287"]
[BlackElo "2067"]
[PlyCount "93"]
[EventDate "2019.??.??"]
[WhiteTeam "SV Oberursel"]
[BlackTeam "SC ML Kastellaun"]

1. e4 c5 2. Nf3 Nc6 3. d4 cxd4 4. Nxd4 g6 5. c4 Bg7 6. Be3 Nf6 7. Nc3 Ng4 8.
Qxg4 Nxd4 9. Qd1 Ne6 10. Rc1 Qa5 11. Be2 b6 12. Qd5 Qxd5 13. cxd5 Nc5 14. f3
Ba6 15. Bxc5 Bxe2 16. Nxe2 bxc5 17. Rxc5 Bxb2 18. Rb5 Bf6 19. Kd2 O-O 20. Rb7
Rfb8 21. Rhb1 Rxb7 22. Rxb7 d6 23. a4 a5 24. Rb5 Kf8 25. f4 Ke8 26. Kd3 Kd8 27.
Nc1 Rc8 28. Ne2 Ra8 29. g3 Kc7 30. Nc1 Kd7 31. Nb3 Rc8 32. Nxa5 Rc3+ 33. Kd2
Ra3 34. Nc4 Ra2+ 35. Kd3 Rxh2 36. a5 Ra2 37. e5 dxe5 38. fxe5 Bg5 39. e6+ Kc7
40. exf7 Bh6 41. Kd4 Bg7+ 42. Kc5 Bf8 43. Rb6 Kc8 44. Kc6 g5 45. d6 exd6 46.
Nxd6+ Kd8 47. Rb8+ 1-0

[Event "Sparkassen-Open A"]
[Site "Heusenstamm, Martinsee"]
[Date "2019.11.24"]
[Round "6.22"]
[White "Olesiak, Marcin"]
[Black "Alber, Horst"]
[Result "0-1"]
[WhiteElo "2021"]
[BlackElo "2267"]
[PlyCount "52"]
[EventDate "2019.??.??"]
[WhiteTeam "SV Oberursel"]
[BlackTeam "SK Marburg"]

1. e4 g6 2. Nc3 Bg7 3. f4 d6 4. Nf3 c5 5. Bb5+ Bd7 6. Bxd7+ Qxd7 7. O-O Nc6 8.
d3 Nf6 9. Ne2 c4 10. Bd2 O-O 11. Qe1 a5 12. h3 Qc7 13. Bc3 cxd3 14. cxd3 b5 15.
Qh4 b4 16. Bd2 Qb6+ 17. Kh1 Qb5 18. Ne1 Nxe4 19. dxe4 Qxe2 20. Nf3 Nd4 21. Rf2
Nxf3 22. gxf3 Bf6 23. Qg3 Qd3 24. e5 Bg7 25. Be1 dxe5 26. fxe5 Qe3 0-1

[Event "Sparkassen-Open A"]
[Site "Heusenstamm, Martinsee"]
[Date "2019.11.24"]
[Round "6.23"]
[White "Steudel, Max"]
[Black "Krämer, Enrico"]
[Result "1-0"]
[WhiteElo "1912"]
[BlackElo "2223"]
[PlyCount "121"]
[EventDate "2019.??.??"]
[WhiteTeam "SC Brett vorm Kopp"]
[BlackTeam "SG Speyer-Schwegenheim"]

1. e4 e5 2. Nf3 Nc6 3. Nc3 Nf6 4. d4 exd4 5. Nxd4 Bb4 6. Nxc6 bxc6 7. Bd3 O-O
8. O-O d5 9. exd5 cxd5 10. h3 Re8 11. Qf3 c6 12. Bf4 Qe7 13. Bg5 h6 14. Bxf6
Qxf6 15. Qxf6 gxf6 16. a3 Bd6 17. Ne2 c5 18. Ng3 c4 19. Bf5 Be6 20. c3 Rab8 21.
Rab1 Rb6 22. Rfe1 Bxg3 23. fxg3 Reb8 24. Bxe6 fxe6 25. Re2 Kf7 26. g4 Rb3 27.
Rf2 Ke7 28. Rbf1 Rf8 29. Rd1 Rb6 30. Kh2 Rd8 31. Kg3 e5 32. Rdd2 Ke6 33. Rfe2
Rg8 34. Kh4 Rg5 35. Re1 Rb8 36. Red1 e4 37. Rf1 Rf8 38. Rdf2 f5 39. Rf4 Ke5 40.
Kg3 h5 41. Kh4 e3 42. Kxg5 e2 43. Re1 Rg8+ 44. Kxh5 Kxf4 45. Rxe2 fxg4 46. hxg4
Rh8+ 47. Kg6 Kxg4 48. Kf6 Kf4 49. Ke7 Rh6 50. Kd7 Rg6 51. Kc7 a5 52. a4 Kf5 53.
Kd7 Kf4 54. g4 Rxg4 55. Kc6 Rg5 56. Rd2 Ke3 57. Rxd5 Rg2 58. Rb5 Kd3 59. Kb6
Kc2 60. Kxa5 Kb1 61. Rb4 1-0

[Event "Sparkassen-Open A"]
[Site "Heusenstamm, Martinsee"]
[Date "2019.11.24"]
[Round "6.24"]
[White "Rolle, Eric"]
[Black "Triebus, Bruno"]
[Result "1/2-1/2"]
[WhiteElo "2206"]
[BlackElo "1992"]
[PlyCount "79"]
[EventDate "2019.??.??"]
[WhiteTeam "SK Marburg"]
[BlackTeam "SW Lichtenrade"]

1. d4 Nf6 2. Nf3 e6 3. c4 d5 4. g3 Be7 5. Bg2 O-O 6. O-O dxc4 7. Qc2 a6 8. a4
Bd7 9. Ne5 Bc6 10. Nxc6 Nxc6 11. e3 Na5 12. Nd2 Rb8 13. Nxc4 c5 14. dxc5 Bxc5
15. Rd1 Qc7 16. Nxa5 Qxa5 17. Bd2 Bb4 18. Bxb4 Qxb4 19. Rd4 Qe7 20. Rc4 Rfd8
21. Rc7 Rd7 22. Rxd7 Qxd7 23. Rd1 Qe7 24. a5 h6 25. Qb3 Qc7 26. Qb6 Qxb6 27.
axb6 Kf8 28. Rc1 Ne8 29. e4 Nd6 30. e5 Nc8 31. Bxb7 Nxb6 32. Bxa6 Na4 33. b3
Rxb3 34. Rc8+ Ke7 35. Rc7+ Kf8 36. h4 h5 37. Rc8+ Ke7 38. Rc7+ Kf8 39. Bb7 g6
40. Bg2 1/2-1/2

[Event "Sparkassen-Open A"]
[Site "Heusenstamm, Martinsee"]
[Date "2019.11.24"]
[Round "6.25"]
[White "Farmani Anosheh, Yasha"]
[Black "Küpper, Martin"]
[Result "1-0"]
[WhiteElo "2182"]
[BlackElo "1991"]
[PlyCount "97"]
[EventDate "2019.??.??"]
[WhiteTeam "SK Ladenburg"]
[BlackTeam "SC Fulda"]

1. d4 Nf6 2. c4 g6 3. g3 Bg7 4. Bg2 d5 5. cxd5 Nxd5 6. Nf3 Nb6 7. Nc3 O-O 8.
O-O Nc6 9. e3 Re8 10. Nh4 e5 11. d5 Ne7 12. e4 Nc4 13. Qe2 Nd6 14. Rd1 f5 15.
Bg5 Bd7 16. a4 a6 17. Qe3 Rc8 18. Qc5 h6 19. Bxe7 Qxe7 20. Nxg6 Qf6 21. Nh4 f4
22. Rf1 Bf8 23. Qa3 Nf5 24. Qb3 Nxh4 25. gxh4 f3 26. d6+ Be6 27. Nd5 Bxd5 28.
Qxd5+ Kh8 29. Bh3 Bxd6 30. Kh1 Rcd8 31. Rg1 Rg8 32. Bf5 c6 33. Qb3 Qe7 34. h5
Rg5 35. Rxg5 hxg5 36. Qxf3 Bc5 37. Rd1 Rxd1+ 38. Qxd1 Qd6 39. Qe2 Qd4 40. Kg2
Kg7 41. h4 gxh4 42. Qg4+ Kh8 43. Qxh4 Qd6 44. h6 Qf8 45. Qh5 Bd4 46. Kf3 Bxb2
47. Qg6 Qa3+ 48. Ke2 Qe7 49. Be6 1-0

[Event "Sparkassen-Open A"]
[Site "Heusenstamm, Martinsee"]
[Date "2019.11.24"]
[Round "6.26"]
[White "Wolf, Ulrich Martin"]
[Black "Ohler, Julius"]
[Result "1/2-1/2"]
[WhiteElo "2151"]
[BlackElo "1884"]
[PlyCount "84"]
[EventDate "2019.??.??"]
[WhiteTeam "SC Hansa Dortmund"]
[BlackTeam "SG Trier"]

1. d4 d5 2. c4 e6 3. g3 Nf6 4. Bg2 Be7 5. Nf3 O-O 6. O-O c6 7. b3 Ne4 8. Qc2 f5
9. Bb2 Nd7 10. Nbd2 Bf6 11. Ne5 Qc7 12. Ndf3 g6 13. Nd3 Bg7 14. Nfe5 Nxe5 15.
dxe5 Re8 16. f3 Ng5 17. h4 Nf7 18. f4 Qb6+ 19. Kh2 Nh6 20. Bf3 Bd7 21. cxd5
cxd5 22. Qc5 Qxc5 23. Nxc5 Bc6 24. Bd4 Bf8 25. Rfc1 Ng4+ 26. Kg1 Kf7 27. Rc2
Rac8 28. a4 Bxc5 29. Rxc5 b6 30. Rcc1 Bb7 31. a5 bxa5 32. Bxa7 Rxc1+ 33. Rxc1
Rc8 34. Rxc8 Bxc8 35. Bb6 Ba6 36. Bxa5 Ne3 37. Bb6 Nc2 38. Kf2 Ke8 39. e3 Nb4
40. Bd1 h5 41. Ba5 Nd3+ 42. Kg1 Kd7 1/2-1/2

[Event "Sparkassen-Open A"]
[Site "Heusenstamm, Martinsee"]
[Date "2019.11.24"]
[Round "6.27"]
[White "Deuer, Marius"]
[Black "Volkov, Mykyta"]
[Result "0-1"]
[WhiteElo "1985"]
[BlackElo "2142"]
[PlyCount "114"]
[EventDate "2019.??.??"]
[WhiteTeam "SC Weiße Dame Ulm"]
[BlackTeam "Elberfelder SG"]

1. d4 e6 2. c4 Nf6 3. Nf3 d5 4. g3 Be7 5. Bg2 O-O 6. O-O dxc4 7. Ne5 Nc6 8.
Bxc6 bxc6 9. Nxc6 Qe8 10. Nxe7+ Qxe7 11. Qc2 e5 12. dxe5 Qxe5 13. Nd2 Qxe2 14.
Qxc4 Qh5 15. Re1 Bb7 16. b3 Rad8 17. Ba3 Rxd2 18. Qb4 Rfd8 19. Qxb7 Ng4 20. h4
Nxf2 21. Qc6 Nh3+ 22. Kh1 Nf2+ 23. Kg1 h6 24. Bb4 Nh3+ 25. Kh1 Nf2+ 26. Kg1
Nh3+ 27. Kh1 R8d5 28. Qe8+ Kh7 29. Re3 Rd1+ 30. Rxd1 Nf2+ 31. Kg1 Nxd1 32. Qe4+
f5 33. Qxd5 Nxe3 34. Qd2 Qf3 35. Qf2 Qe4 36. Bd2 Ng4 37. Qe1 Kg6 38. Qxe4 fxe4
39. Kf1 Kf5 40. Ke2 c6 41. a4 g6 42. Bc1 Ke5 43. Bb2+ Kd5 44. Bc1 a6 45. Kd2 h5
46. Ke2 c5 47. Bb2 c4 48. b4 Ne5 49. Ke3 Ng4+ 50. Ke2 Nh6 51. Bc1 Nf5 52. Kf2
c3 53. b5 axb5 54. axb5 Kc5 55. Bf4 Kxb5 56. Ke2 Kc4 57. Be5 Kb3 0-1

[Event "Sparkassen-Open A"]
[Site "Heusenstamm, Martinsee"]
[Date "2019.11.24"]
[Round "6.28"]
[White "Bardorz, Jana"]
[Black "Henrich, Thomas"]
[Result "0-1"]
[WhiteElo "1932"]
[BlackElo "2163"]
[PlyCount "82"]
[EventDate "2019.??.??"]
[WhiteTeam "TSV Rottendorf"]
[BlackTeam "SK Marburg"]

1. e4 e6 2. d4 d5 3. e5 b6 4. c3 Ne7 5. Bd3 Qd7 6. Nf3 Ba6 7. Bxa6 Nxa6 8. Qe2
Nb8 9. O-O Nbc6 10. Na3 Nf5 11. Nc2 h5 12. a4 Na5 13. Nd2 c5 14. dxc5 bxc5 15.
b4 Nc6 16. bxc5 Bxc5 17. Nb3 Be7 18. Rd1 Qc7 19. Ncd4 Ncxd4 20. cxd4 Rb8 21.
Qd3 O-O 22. Nc5 Bxc5 23. dxc5 Qxe5 24. Ba3 Rfc8 25. Rab1 Qf4 26. Qa6 Qe4 27.
Rb5 Nh4 28. Kf1 Qxg2+ 29. Ke1 Qe4+ 30. Kd2 Nf3+ 31. Kc1 Qc4+ 32. Kb1 Nd4 33.
Rxd4 Qxd4 34. c6 Qd3+ 35. Ka2 Qc4+ 36. Ka1 Qf1+ 37. Ka2 Qxf2+ 38. Bb2 Qxh2 39.
Qxa7 Ra8 40. Qb7 Qc2 41. a5 Qxc6 0-1

[Event "Sparkassen-Open A"]
[Site "Heusenstamm, Martinsee"]
[Date "2019.11.24"]
[Round "6.29"]
[White "Pogan, Nikolas"]
[Black "Gallasch, Robin"]
[Result "1-0"]
[WhiteElo "2234"]
[BlackElo "2072"]
[PlyCount "79"]
[EventDate "2019.??.??"]
[WhiteTeam "Heilbronner SV"]
[BlackTeam "SG Porz"]

1. Nf3 d5 2. g3 Nf6 3. Bg2 e6 4. c4 Be7 5. O-O O-O 6. d4 dxc4 7. Ne5 Nc6 8.
Nxc6 bxc6 9. Na3 Bxa3 10. bxa3 Rb8 11. Qd2 c5 12. dxc5 Qe7 13. Qa5 e5 14. Bd2
Bg4 15. f3 Be6 16. Rfb1 c6 17. e4 Rxb1+ 18. Rxb1 Qd7 19. Be3 Qd3 20. Re1 Qc2
21. Qd2 Qxd2 22. Bxd2 Rd8 23. Bb4 g5 24. Bf1 Ne8 25. Rb1 f6 26. Ba5 Rd7 27. Kf2
Kf7 28. Rb8 Ke7 29. Be2 Rd4 30. Ke3 h6 31. f4 gxf4+ 32. gxf4 Rd7 33. fxe5 fxe5
34. Bc3 Nc7 35. Bxe5 Nb5 36. a4 Na3 37. Rh8 Nc2+ 38. Kf4 Nd4 39. Bh5 c3 40.
Re8# 1-0

[Event "Sparkassen-Open A"]
[Site "Heusenstamm, Martinsee"]
[Date "2019.11.24"]
[Round "6.30"]
[White "Hebbering, Tom Elliot"]
[Black "Laux, Dominik"]
[Result "1/2-1/2"]
[WhiteElo "2226"]
[BlackElo "2066"]
[PlyCount "81"]
[EventDate "2019.??.??"]
[WhiteTeam "SK Gernsheim"]
[BlackTeam "VSG Offenbach"]

1. d4 d5 2. c4 c6 3. Nf3 Nf6 4. e3 e6 5. b3 Nbd7 6. Bb2 Bd6 7. Bd3 O-O 8. O-O
b6 9. Nc3 Bb7 10. Qc2 Rc8 11. e4 dxe4 12. Nxe4 Nxe4 13. Bxe4 Nf6 14. Bd3 h6 15.
c5 Bb8 16. a3 Nd5 17. g3 Qf6 18. Qe2 Rfd8 19. Rac1 h5 20. h4 g6 21. Ne5 Bxe5
22. dxe5 Qe7 23. b4 Ra8 24. Bc3 a5 25. Bd2 axb4 26. axb4 Qd7 27. Bc4 Ra3 28.
Ra1 Rda8 29. Rxa3 Rxa3 30. Rc1 b5 31. Bd3 Nxb4 32. Bxg6 fxg6 33. Bxb4 Qd3 34.
Qxd3 Rxd3 35. Ra1 Rd4 36. Be1 Ra4 37. Rd1 Ba6 38. Kg2 Re4 39. Rd8+ Kf7 40. Ba5
b4 41. Rd7+ 1/2-1/2

[Event "Sparkassen-Open A"]
[Site "Heusenstamm, Martinsee"]
[Date "2019.11.24"]
[Round "6.31"]
[White "Hilzinger, Markus"]
[Black "Minor, Viatcheslav"]
[Result "1-0"]
[WhiteElo "2141"]
[BlackElo "2060"]
[PlyCount "109"]
[EventDate "2019.??.??"]
[WhiteTeam "SC Pforzheim"]
[BlackTeam "SV Eisenach"]

1. c4 Nf6 2. Nf3 c5 3. Nc3 d5 4. cxd5 Nxd5 5. g3 Nc6 6. Bg2 Nc7 7. O-O e5 8. d3
Be7 9. Be3 O-O 10. Rc1 Rb8 11. a3 f6 12. Ne4 b6 13. b4 Nd5 14. Bd2 Nd4 15. bxc5
Nxf3+ 16. Bxf3 f5 17. Nd6 Be6 18. Nc4 Bxc5 19. Nxe5 Bxa3 20. Ra1 Bb2 21. Nc6
Qe8 22. Nxb8 Bxa1 23. Qxa1 Qxb8 24. Rc1 Rd8 25. Bg5 Re8 26. Qd4 Qb7 27. Kg2 h6
28. Bf4 Re7 29. Bd6 Rd7 30. Qe5 Kf7 31. Bh5+ g6 32. Bxg6+ Kxg6 33. Qxe6+ Nf6+
34. f3 Qd5 35. Qxd5 Nxd5 36. Be5 Nb4 37. d4 a5 38. e4 Rb7 39. Bd6 fxe4 40. fxe4
Nd3 41. Rc3 Nb2 42. d5 b5 43. Rc6 Nc4 44. Bf4+ Kf7 45. e5 a4 46. Rxh6 Kg7 47.
Ra6 Nb6 48. d6 Kf7 49. d7 Ke7 50. e6 Nxd7 51. exd7 Rxd7 52. h4 Rd1 53. h5 Ra1
54. h6 Ra2+ 55. Kh3 1-0

[Event "Sparkassen-Open A"]
[Site "Heusenstamm, Martinsee"]
[Date "2019.11.24"]
[Round "6.32"]
[White "Kagan, Dennis"]
[Black "Asadzade, Idris"]
[Result "1/2-1/2"]
[WhiteElo "2055"]
[BlackElo "2166"]
[PlyCount "63"]
[EventDate "2019.??.??"]
[WhiteTeam "SG Porz"]
[BlackTeam "Königsspringer Leverkusen"]

1. Nf3 Nf6 2. c4 c5 3. g3 d5 4. cxd5 Nxd5 5. d4 cxd4 6. Nxd4 e5 7. Nb5 Qa5+ 8.
N1c3 Nxc3 9. Nxc3 Bd7 10. Bg2 Bc6 11. O-O Bxg2 12. Kxg2 Nc6 13. Qb3 Qb4 14.
Qxb4 Bxb4 15. Nd5 Rd8 16. e4 Bc5 17. Rd1 f6 18. Be3 Bxe3 19. Nxe3 Kf7 20. Nf5
Rxd1 21. Rxd1 Rd8 22. Rxd8 Nxd8 23. Kf3 g6 24. Nd6+ Ke6 25. Nc4 Nc6 26. Ke3 b5
27. Nd2 Kd6 28. a3 a5 29. Kd3 Kc5 30. Nb3+ Kd6 31. Nd2 a4 32. b4 1/2-1/2

[Event "Sparkassen-Open A"]
[Site "Heusenstamm, Martinsee"]
[Date "2019.11.24"]
[Round "6.33"]
[White "Calvi, Stefan"]
[Black "Gallasch, Jonas"]
[Result "1-0"]
[WhiteElo "2049"]
[BlackElo "2160"]
[PlyCount "87"]
[EventDate "2019.??.??"]
[WhiteTeam "SF Frankfurt"]
[BlackTeam "SG Porz"]

1. e4 c6 2. Nf3 d5 3. exd5 cxd5 4. Ne5 Nc6 5. d4 e6 6. c3 Bd6 7. Bb5 Nge7 8.
Qe2 f6 9. Nxc6 bxc6 10. Bd3 e5 11. f3 Bf5 12. Nd2 Bxd3 13. Qxd3 Ng6 14. Nb3 O-O
15. O-O Qc7 16. g3 Rae8 17. Bd2 f5 18. Kg2 Kh8 19. Rae1 e4 20. fxe4 fxe4 21.
Rxf8+ Rxf8 22. Qe2 Kg8 23. Rf1 Rxf1 24. Qxf1 Qd7 25. Qe2 h6 26. Be3 Ne7 27. Nc5
Bxc5 28. dxc5 Ng6 29. Bd4 Nf8 30. b4 Ne6 31. h4 Qf7 32. a4 Qf5 33. b5 cxb5 34.
axb5 Nxd4 35. cxd4 Qe6 36. c6 Qf7 37. Qc2 Qc7 38. Qc5 Kf7 39. Qxd5+ Ke7 40.
Qxe4+ Kd8 41. Qe5 Qa5 42. Qd6+ Ke8 43. c7 Qd2+ 44. Kh3 1-0

[Event "Sparkassen-Open A"]
[Site "Heusenstamm, Martinsee"]
[Date "2019.11.24"]
[Round "6.34"]
[White "Artola Pola, Gerardo"]
[Black "Wiley, Tom E"]
[Result "0-1"]
[WhiteElo "2006"]
[BlackElo "2141"]
[PlyCount "92"]
[EventDate "2019.??.??"]
[WhiteTeam "Frankfurter TV"]
[BlackTeam "Europchess"]

1. e4 e6 2. d4 d5 3. Nc3 Bb4 4. e5 c5 5. a3 Bxc3+ 6. bxc3 Qa5 7. Bd2 Qa4 8. Qg4
Kf8 9. Nf3 Ne7 10. Qf4 Qxc2 11. dxc5 h6 12. Qe3 Qe4 13. Bd3 Qxe3+ 14. Bxe3 Nd7
15. O-O Nc6 16. Bd4 Ke7 17. Rab1 b6 18. Bb5 Nxd4 19. cxd4 bxc5 20. dxc5 Nxc5
21. Bc6 Ba6 22. Rfc1 Rab8 23. h3 Nd3 24. Rd1 Rxb1 25. Rxb1 Rc8 26. Bb5 Bxb5 27.
Rxb5 Rc1+ 28. Kh2 Rc7 29. Kg1 f6 30. exf6+ Kxf6 31. Rb3 Ne5 32. Nxe5 Kxe5 33.
Re3+ Kd6 34. f4 Rc4 35. Rg3 Rxf4 36. Rxg7 d4 37. Rxa7 d3 38. Ra8 Kc7 39. Ra7+
Kc6 40. Ra8 Rd4 41. Rc8+ Kb5 42. Rc1 d2 43. Rd1 Kc4 44. Kf2 Kd3 45. Ra1 Rc4 46.
a4 Rc1 0-1

[Event "Sparkassen-Open A"]
[Site "Heusenstamm, Martinsee"]
[Date "2019.11.24"]
[Round "6.35"]
[White "Steinle, Carsten"]
[Black "Schmidbauer, Frank"]
[Result "1-0"]
[WhiteElo "2137"]
[BlackElo "2040"]
[PlyCount "91"]
[EventDate "2019.??.??"]
[WhiteTeam "SV Ahlen"]
[BlackTeam "SV Wollishofen Zürich"]

1. Nf3 f5 2. b3 d6 3. d4 g6 4. Bb2 Bg7 5. g3 Nf6 6. Bg2 O-O 7. O-O c6 8. Nbd2
a5 9. a4 Na6 10. Nc4 Nb4 11. e3 Bd7 12. Qe2 Qc7 13. Rfd1 h6 14. Ne1 Kh7 15. c3
Nbd5 16. Nd3 g5 17. f4 Be8 18. Bf3 g4 19. Bg2 Bg6 20. Nd2 h5 21. Nf2 Nb6 22. c4
d5 23. Nd3 Ne4 24. Rac1 e6 25. Ba3 Rh8 26. Rc2 Bf6 27. Nxe4 fxe4 28. Ne5 Bf5
29. Bc5 Bxe5 30. fxe5 Kg6 31. Rf1 Nd7 32. cxd5 exd5 33. Bd6 Qd8 34. Rf4 Rh7 35.
h4 gxh3 36. Rxf5 Kxf5 37. Bxh3+ Kg6 38. Qf1 Qg5 39. Rf2 Qxe3 40. Kh2 Rf8 41.
Bxf8 Nxf8 42. Rf6+ Kg7 43. Rxf8 Qd2+ 44. Kh1 Qg5 45. Qf7+ Kh6 46. Qe6+ 1-0

[Event "Sparkassen-Open A"]
[Site "Heusenstamm, Martinsee"]
[Date "2019.11.24"]
[Round "6.36"]
[White "Eckert, Marius"]
[Black "Kirchner, Markus"]
[Result "1-0"]
[WhiteElo "2086"]
[BlackElo "2038"]
[PlyCount "29"]
[EventDate "2019.??.??"]
[WhiteTeam "SV Waltrop"]
[BlackTeam "SF Schöneck"]

1. d4 f5 2. Bf4 Nf6 3. e3 g6 4. h4 h6 5. Qf3 Nh5 6. Nc3 Bg7 7. O-O-O O-O 8. Nh3
d6 9. Bc4+ e6 10. g4 Nxf4 11. Nxf4 Qe8 12. gxf5 gxf5 13. Rhg1 Nc6 14. Nh5 Rf7
15. Rxg7+ 1-0

[Event "Sparkassen-Open A"]
[Site "Heusenstamm, Martinsee"]
[Date "2019.11.24"]
[Round "6.37"]
[White "Zweschper, Erich"]
[Black "Seewi, Joram"]
[Result "1-0"]
[WhiteElo "2029"]
[BlackElo "2108"]
[PlyCount "103"]
[EventDate "2019.??.??"]
[WhiteTeam "SV Kelsterbach"]
[BlackTeam "SG Kalker/Deutzer"]

1. d4 Nc6 2. Bf4 d5 3. e3 Nf6 4. Nd2 g6 5. h3 Bg7 6. Ngf3 O-O 7. Ne5 Nd7 8.
Nxd7 Qxd7 9. Be2 e5 10. dxe5 Nxe5 11. c3 c5 12. O-O b6 13. Nf3 Nc6 14. Qa4 Nd4
15. Qd1 Nxe2+ 16. Qxe2 Bb7 17. Be5 f6 18. Bg3 Rfe8 19. Rfd1 Qe6 20. a4 a5 21.
Qc2 f5 22. Rd2 Rac8 23. Qb3 Red8 24. Re1 h6 25. Qd1 Qe4 26. Kh2 Re8 27. Qb3 Qe6
28. Rdd1 Kh7 29. Bf4 Bf6 30. Qc2 Qc6 31. h4 Re4 32. Nd2 Bxh4 33. Nxe4 fxe4 34.
Rh1 g5 35. Kg1 gxf4 36. Rxh4 fxe3 37. fxe3 Rg8 38. Rf1 Qg6 39. Qf2 Rg7 40. Rf4
Ba6 41. Rf6 Qg5 42. Qf5+ Qxf5 43. R1xf5 Bc4 44. Kf2 Bb3 45. Rxb6 Bxa4 46. Rxd5
Rf7+ 47. Kg1 c4 48. Rxa5 Bc2 49. Rh5 Kg7 50. Rbxh6 Rf8 51. Rb6 Rd8 52. Re5 1-0

[Event "Sparkassen-Open A"]
[Site "Heusenstamm, Martinsee"]
[Date "2019.11.24"]
[Round "6.38"]
[White "Hinrichs, Niklas"]
[Black "Chassard, Cedric"]
[Result "1-0"]
[WhiteElo "2105"]
[BlackElo "2037"]
[PlyCount "151"]
[EventDate "2019.??.??"]
[WhiteTeam "SK Bingen"]
[BlackTeam "SV Riegelsberg"]

1. d4 Nf6 2. c4 e6 3. Nc3 Bb4 4. Nf3 O-O 5. e3 c5 6. Bd3 d5 7. O-O dxc4 8. Bxc4
cxd4 9. exd4 b6 10. Qe2 Bb7 11. Rd1 Nd5 12. Bg5 Qe8 13. Nb5 Na6 14. Rac1 h6 15.
Be3 Nac7 16. a3 Be7 17. Bd3 Nxb5 18. Bxb5 Qd8 19. Bd3 Nxe3 20. fxe3 Rc8 21.
Rxc8 Qxc8 22. Rf1 Bf6 23. Nd2 e5 24. dxe5 Bxe5 25. Nc4 Bf6 26. Nd6 Qd7 27. Nxb7
Qxb7 28. Rxf6 Rd8 29. Rf1 Qd5 30. Bc4 Qa5 31. Bxf7+ Kh8 32. Rd1 Rf8 33. Ba2 Qc5
34. Bb1 Re8 35. Qd3 Kg8 36. Qd5+ Qxd5 37. Rxd5 Rxe3 38. Kf2 Re7 39. Ba2 Kh7 40.
h4 Rf7+ 41. Kg3 Rc7 42. h5 Rc1 43. Rd8 g5 44. Rd7+ Kh8 45. Be6 Rc2 46. Rh7+
Kxh7 47. Bf5+ Kg7 48. Bxc2 Kf6 49. Kf3 Ke5 50. Ke3 a6 51. Be4 a5 52. a4 Ke6 53.
Kd4 Kd6 54. Bd5 Kd7 55. Ke5 Ke7 56. g4 Kd7 57. Kf6 Kd6 58. Bc4 Kc5 59. b3 Kd6
60. Kg6 Ke7 61. Kxh6 Kf6 62. Bd3 b5 63. axb5 a4 64. bxa4 Ke5 65. a5 Kd4 66. b6
Kxd3 67. b7 Kd4 68. b8=Q Kd5 69. a6 Ke6 70. Qb5 Kd6 71. a7 Kc7 72. a8=R Kd6 73.
Ra6+ Kc7 74. Qc6+ Kd8 75. Qb7 Ke8 76. Ra8# 1-0

[Event "Sparkassen-Open A"]
[Site "Heusenstamm, Martinsee"]
[Date "2019.11.24"]
[Round "6.39"]
[White "Richter, Gerald"]
[Black "Surányi, Pál"]
[Result "0-1"]
[WhiteElo "2024"]
[BlackElo "2102"]
[PlyCount "64"]
[EventDate "2019.??.??"]
[WhiteTeam "Siegener SV"]
[BlackTeam "SC Remagen-Sinzig"]

1. d4 Nf6 2. c4 g6 3. Nc3 d5 4. cxd5 Nxd5 5. e4 Nxc3 6. bxc3 Bg7 7. Bc4 c5 8.
Ne2 O-O 9. O-O Nc6 10. Be3 b6 11. Rc1 Bb7 12. Qd2 Rc8 13. Rfd1 cxd4 14. cxd4
Na5 15. Bd3 Rxc1 16. Rxc1 Qd7 17. Qb4 e6 18. Bb5 Bc6 19. Bxc6 Nxc6 20. Qb5 Rc8
21. d5 exd5 22. exd5 Ne5 23. Rxc8+ Qxc8 24. Nd4 Qd7 25. Nc6 Ng4 26. Bg5 Bf6 27.
Bf4 Qf5 28. g3 Qc2 29. Be3 Nxe3 30. fxe3 Bg5 31. Nd8 Bxe3+ 32. Kh1 Qe4# 0-1

[Event "Sparkassen-Open A"]
[Site "Heusenstamm, Martinsee"]
[Date "2019.11.24"]
[Round "6.40"]
[White "Reitz, Philipp"]
[Black "Junker, Christian"]
[Result "0-1"]
[WhiteElo "2088"]
[BlackElo "2011"]
[PlyCount "110"]
[EventDate "2019.??.??"]
[WhiteTeam "VfR-SC Koblenz"]
[BlackTeam "SV Neu-Isenburg"]

1. d4 f5 2. Nf3 Nf6 3. Bg5 e6 4. Nbd2 d5 5. c4 c6 6. e3 Be7 7. Qc2 O-O 8. Bd3
Ne4 9. Bxe7 Qxe7 10. O-O b6 11. Ne5 Bb7 12. Rac1 Nd7 13. Ndf3 Nxe5 14. Nxe5
Rfc8 15. cxd5 cxd5 16. Qa4 Rc7 17. Bb5 Nf6 18. Rxc7 Qxc7 19. Qa3 Ng4 20. Nxg4
fxg4 21. Be2 h5 22. Qd3 a5 23. Qg6 Qf7 24. Qg5 Qf5 25. Qe7 Bc6 26. Bd3 Qf6 27.
Qc7 Be8 28. Qxb6 Bf7 29. Rc1 Rf8 30. Rf1 h4 31. Qxa5 h3 32. gxh3 gxh3 33. Qc7
Bg6 34. Bxg6 Qxg6+ 35. Qg3 Qf5 36. Kh1 Qe4+ 37. f3 Qxe3 38. Qxh3 Rf4 39. Qh5
Rxd4 40. Rg1 Rf4 41. a4 Rxf3 42. Qg4 Rf7 43. a5 d4 44. b4 d3 45. b5 Qe5 46. Rd1
Qd5+ 47. Kg1 Rf5 48. h4 Qxb5 49. Qe4 Qc5+ 50. Kg2 Qf2+ 51. Kh1 Rf4 52. Qxe6+
Kh7 53. Rxd3 Qf1+ 54. Kh2 Rf2+ 55. Kg3 Qg2# 0-1

[Event "Sparkassen-Open A"]
[Site "Heusenstamm, Martinsee"]
[Date "2019.11.24"]
[Round "6.41"]
[White "Özdemir, Ali Özden"]
[Black "Heindrich, Mark"]
[Result "1-0"]
[WhiteElo "2017"]
[BlackElo "2096"]
[PlyCount "83"]
[EventDate "2019.??.??"]
[WhiteTeam "SK Langen"]
[BlackTeam "TuS Dotzheim"]

1. e4 g6 2. d4 c6 3. Be3 d5 4. e5 Bg7 5. Nd2 h5 6. h3 Nh6 7. Ngf3 Nf5 8. Bf4
Qb6 9. Nb3 Na6 10. a4 Nb8 11. a5 Qd8 12. Be2 Bf8 13. Qd2 Ng7 14. O-O Bf5 15.
Rfc1 Ne6 16. Be3 Nc7 17. Nh4 Qc8 18. Bf1 Nba6 19. Re1 Be6 20. Nc1 Qd7 21. Nd3
Bg7 22. Nf4 O-O-O 23. Nf3 Bf5 24. Ng5 Rdf8 25. e6 fxe6 26. Nf3 Qe8 27. Qc3 Bf6
28. Nd3 Be4 29. Nfe5 g5 30. Nc5 Nxc5 31. Qxc5 a6 32. f3 Bf5 33. Ra3 g4 34. Rb3
gxh3 35. Qb6 Nb5 36. Bxb5 Bxe5 37. Bxa6 Bc7 38. Bxb7+ Kd8 39. Qa6 Bb8 40. Bxc6
Qg6 41. Rxb8+ Kc7 42. Qb7+ 1-0

[Event "Sparkassen-Open A"]
[Site "Heusenstamm, Martinsee"]
[Date "2019.11.24"]
[Round "6.42"]
[White "Köllner, Aaron Noah"]
[Black "Vlassis, Georgios"]
[Result "1-0"]
[WhiteElo "2094"]
[BlackElo "2017"]
[PlyCount "101"]
[EventDate "2019.??.??"]
[WhiteTeam "SV Bergneustadt/Derschlag"]
[BlackTeam "SACH Thessaloniki"]

1. d4 d6 2. Nf3 Bg4 3. Nbd2 Nf6 4. c3 e6 5. Qb3 Qc8 6. Nh4 c6 7. h3 Bh5 8. g4
Bg6 9. Bg2 e5 10. O-O Be7 11. f4 exf4 12. Rxf4 d5 13. Nxg6 hxg6 14. e4 dxe4 15.
Nxe4 O-O 16. Nxf6+ Bxf6 17. Be4 Nd7 18. Bxg6 c5 19. Bf5 Bg5 20. Rf3 Bxc1 21.
Rxc1 cxd4 22. Rd1 Qc6 23. cxd4 Rae8 24. Qd3 g6 25. Bxd7 Qxd7 26. d5 Qd6 27. g5
Re5 28. h4 Rfe8 29. Kf1 Qb4 30. d6 Re1+ 31. Rxe1 Qxe1+ 32. Kg2 Re2+ 33. Kh3
Qh1+ 34. Kg4 Qg2+ 35. Kf4 Qh2+ 36. Kg4 Qg2+ 37. Kf4 Qh2+ 38. Kg4 Rg2+ 39. Rg3
Rd2 40. Qe3 Re2 41. d7 Rxe3 42. d8=Q+ Kh7 43. Rxe3 Qg2+ 44. Kf4 Qf2+ 45. Ke4
Qxb2 46. Qd5 Qg2+ 47. Rf3 Qe2+ 48. Kf4 Qh2+ 49. Ke3 Qg1+ 50. Ke2 Qg2+ 51. Kd3
1-0

[Event "Sparkassen-Open A"]
[Site "Heusenstamm, Martinsee"]
[Date "2019.11.24"]
[Round "6.43"]
[White "Blübaum, Johanna"]
[Black "Sandten, Ulrich"]
[Result "0-1"]
[WhiteElo "1981"]
[BlackElo "2086"]
[PlyCount "84"]
[EventDate "2019.??.??"]
[WhiteTeam "SK Marburg"]
[BlackTeam "VSG Offenbach"]

1. d4 Nf6 2. c4 e6 3. Nc3 d5 4. cxd5 exd5 5. Bg5 c6 6. e3 Be7 7. Bd3 O-O 8. Qc2
Nbd7 9. Nge2 Re8 10. O-O Nf8 11. f3 Be6 12. Rad1 Rc8 13. Kh1 Ng6 14. e4 dxe4
15. fxe4 Qa5 16. e5 Nd5 17. Qd2 Rcd8 18. Bxe7 Rxe7 19. Qg5 Red7 20. h4 Nxc3 21.
bxc3 c5 22. h5 h6 23. Qg3 Nf8 24. Rf6 cxd4 25. cxd4 Qb4 26. Rxh6 Rxd4 27. Nxd4
Rxd4 28. Bh7+ Nxh7 29. Rxd4 Qxd4 30. Rxe6 Qd1+ 31. Kh2 Qxh5+ 32. Kg1 fxe6 33.
Qc3 Qd1+ 34. Kh2 Qd7 35. Qe3 b6 36. a3 Qd5 37. Qc3 Nf8 38. Qc7 Qd7 39. Qc2 Qf7
40. Qe4 Qf5 41. Qa8 Qxe5+ 42. Kh1 Qa1+ 0-1

[Event "Sparkassen-Open A"]
[Site "Heusenstamm, Martinsee"]
[Date "2019.11.24"]
[Round "6.44"]
[White "Scheitz, Michael"]
[Black "Fuß, Jean-Pierre"]
[Result "1/2-1/2"]
[WhiteElo "2082"]
[BlackElo "2008"]
[PlyCount "34"]
[EventDate "2019.??.??"]
[WhiteTeam "Wiesbadener SV"]
[BlackTeam "SV Turm Sankt Augustin"]

1. c4 Nf6 2. Nc3 d5 3. cxd5 Nxd5 4. Nf3 g6 5. h4 h5 6. e4 Nxc3 7. dxc3 Qxd1+ 8.
Kxd1 Bg4 9. Bf4 c6 10. Kc2 Bxf3 11. gxf3 Nd7 12. Rd1 e6 13. Be2 Bc5 14. Bg3
O-O-O 15. b4 Bb6 16. Bc4 Bc7 17. a4 Ne5 1/2-1/2